| 000 | 01010nam a22002177a 4500 | ||
|---|---|---|---|
| 999 |
_c63972 _d63972 |
||
| 005 | 20260302093810.0 | ||
| 008 | 260302s1982 enk||||| |||| 00| 0 eng d | ||
| 020 | _a9780804712064x | ||
| 041 | _aeng | ||
| 080 | _a338.2: 330.35(520) J-74 | ||
| 100 |
_aJohnson, Chalmers. _927023 |
||
| 245 |
_aMITI and the Japanese miracle : _bthe growth of industrial policy, 1925-1975 / _cChalmers Johnson. |
||
| 264 |
_aStanford : _bStanford Univ. press, _c1982. |
||
| 300 |
_a393 p. ; _b23 cm. |
||
| 500 | _aBibliogr.: p. 367-380. | ||
| 653 | _aიაპონიის ეკონომიკური პოლიტიკა. | ||
| 653 | _aიაპონიის ეკონომიკური ზრდა-განვითარება | ||
| 653 | _aიაპონიის მრეწველობა | ||
| 653 | _aიაპონიის საგარეო ვაჭრობისა და მრეწველობის სამინისტრო | ||
| 942 |
_2udc _cᲬᲘᲒᲜᲘ |
||